Jangan bersedih:Don't be sad

Bibliographic Details
Main Author: Al-Qarni,Aidh' Abdullah, Dr
Other Authors: Mohd. Sofwan Amrullah
Format: Book
Published: Kuala Lumpur : Jasmin Enterprise , 2006
Subjects:

MARC

LEADER 00000cam a2200000 7i4500
001 0000013334
005 20090909.0
008 080111
020 |a 983312836X 
090 0 0 |a 158   |b QAR 
100 0 |a Al-Qarni,Aidh' Abdullah, Dr. 
245 1 0 |a Jangan bersedih:Don't be sad   |c Dr.'Aidh Abdullah Al-Qarni :Alihbahasa Mohd. Sofwan Amrullah 
260 |a Kuala Lumpur :   |b Jasmin Enterprise ,   |c 2006 
650 0 |a Quality of life   |x religions aspects   |x Islam 
650 0 |a Sadness 
650 0 |a Self-help techniques 
700 0 |a Mohd. Sofwan Amrullah 
999 |a 0001007461   |b Book   |c Adult Collection   |e Perbadanan Perpustakaan Awam Johor 
999 |a 0001007462   |b Book   |c Adult Collection   |e Perbadanan Perpustakaan Awam Johor 
999 |a 0001007463   |b Book   |c Adult Collection   |e Perbadanan Perpustakaan Awam Johor